000 00615nam a22002417a 4500
003 UA-OsUOA
001 66219
007 ta
008 20091224b un ||||| |||| 00| 0 ukr d
100 _aЯрош Я.
090 _a821.161.2
_bЯ77
942 _cBK
040 _aUA-OsUOA
_bukr
_cUA-OsUOA
_dUA-OsUOA
245 _aКерманич повстанської армії
300 _a160 с.
955 _a2
041 _aukr
080 _a821.161.2
020 _a2007
260 _aКоломия
_c2007
650 7 _a82 Література. Літературознавство
_2UDC
999 _c352057
_d352057